000
00468nam a2200181Ia 4500
008
090124s9999 xx 000 0 und d
082
_b
122098
100
_a
साठे शंकर भाऊ
245
_a
सगुणा
250
_a
1
260
_c
1987
300
_a
160
600
_a
साठे शंकर भाऊ
630
_a
सगुणा
700
_a
साठे शंकर भाऊ
730
_a
सगुणा
942
_c
BOOK
999
_c
168184
_d
168184